• 首页
  • 本馆介绍
  • 公告通知
  • 最新文献
  • 馆藏检索
  • 电子资源
  • 读者导购
  • 参考咨询
  • 我的图书馆
  • 登录
  • 详细信息显示
  • 放入我的书架
  • 预约/预借图书
  • 作者相关作品
  • 分类相关作品
  • 丛书相关作品
  • 出版社相关作品

书目信息

  • 表格格式
  • 工作单格式
  • 卡片格式
题名:
网络信息资源检索
    
 
作者: 丁传奉 , 张克 编著 ;薛蕊 编著
分册:  
出版信息: 北京   中国铁道出版社  2006
页数: 303页
开本: 26cm
丛书名:
单 册:
中图分类: G354.4 , G252.7
科图分类:
主题词: 互联网络--情报检索--高等教育--教材 , 互联网络 , 情报检索 , 图书馆学 , 图书馆事业
电子资源:
ISBN: 7-113-07209-7
000 01154nam0 2200337 450
000 01083nam0 2200301 450
000 01014nam0 2200277 450
000 00978nam0 2200265 45
005 20070606182717.62
010    @a7-113-07209-7@dCNY26.00
100    @a20070518d2006 em y0chiy0120 ea
101 0  @achi
102    @aCN@b110000
105    @ay z 000yy
200 1  @a网络信息资源检索@AWang Luo Xin Xi Zi Yuan Jian Suo@f丁传奉,张克,薛蕊编著@FDing Chuan Feng, Zhang Ke, Xue Rui Bian Zhu
210    @a北京@c中国铁道出版社@d2006
215    @a303页@d26cm
300    @a高职高专计算机系列教材
330    @a本书共包括10章,系统介绍了网络信息资源和网络信息资源检索的基础知识、基本概念,详细介绍了国内外主要网络数据库等信息资源的检索方法、途径。
606 0  @a互联网络@x情报检索@x高等教育@j教材
606 0  @a互联网络
606 0  @a情报检索
606 0  @a图书馆学
606 0  @a图书馆事业
690    @aG354.4@v4
690    @aG252.7@v3
701  0 @a丁传奉@ADing Chuan Feng@4编著
701  0 @a张克@AZhang Ke@c(情报检索)@4编著
702  0 @a薛蕊@AXue Rui@c(情报检索)@4编著
801  0 @aCN@bTAOJIN@c20070606
905    @a10447@dG252.7@e67
    
    网络信息资源检索/丁传奉,张克,薛蕊编著.-北京:中国铁道出版社,2006
    303页;26cm
    高职高专计算机系列教材
    
    ISBN 7-113-07209-7:CNY26.00
    本书共包括10章,系统介绍了网络信息资源和网络信息资源检索的基础知识、基本概念,详细介绍了国内外主要网络数据库等信息资源的检索方法、途径。
●
相关链接 在E读中查询图书 在五车中查询图书 在当当中查询图书 在豆瓣中查询图书


正题名:网络信息资源检索     索取号:G252.7/67         预约/预借

序号 登录号 条形码 馆藏地/架位号 状态 备注
1 0526929   205269298   第一样本阅览室/ [索取号:G252.7/67] 在馆    
2 0526930   205269305   第四借阅区/ [索取号:G252.7/67] 在馆    
3 0526931   205269314   第四借阅区/ [索取号:G252.7/67] 在馆    
4 0526932   205269323   第四借阅区/ [索取号:G252.7/67] 在馆    
5 0526933   205269332   第四借阅区/ [索取号:G252.7/67] 在馆    
6 0526934   205269341   密集书库/ [索取号:G252.7/67] 在馆    
7 0526935   205269350   密集书库/ [索取号:G252.7/67] 在馆    
8 0526936   205269369   密集书库/ [索取号:G252.7/67] 在馆    
唐山师范学院图书馆 欢迎您!
大连网信软件有限公司© 版权所有